000 01461nam a22002177a 4500
003 IT-MiCISF
005 20230206144753.0
008 180709b ||||| |||| 00| 0 eng d
040 _cIT-MiCISF
041 _ait
100 _aMineo Francesca
_957301
245 _aAdozione.
_bUna famiglia che nasce
260 _aCinisello B. (MI)
_bSan Paolo
_c2018
300 _app. 127
500 _afamiglia, adozione, famiglia-adottiva, genitori-adottivi, rapporti-nonni-nipoti
501 _aPrefazione di Cazzullo Aldo
520 _aL'attesa di un bambino adottivo, desiderato e amato prima ancora di essere conosciuto, rappresenta una rivoluzione non solo per i futuri genitori, ma anche per i nonni più esperti. Questo libro è per loro guida autorevole ma anche diario di viaggio, che comincia con l'annuncio dell'adozione fino all'arrivo (spesso da un altro continente) e alla conoscenza del nipotino. Nulla è scontato: ci saranno tempi lunghi come nella gravidanza degli elefanti, interrogativi, dubbi e tanta voglia di essere una vera risorsa per la nuova famiglia che nasce. Tranquilli: ci sarà lavoro anche per voi, cari nonni, persino quando vi troverete al parchetto col vostro adorato bambino e dovrete fronteggiare la curiosità altrui. Qui potrete trovare un assaggio del lavoro (faticoso, certo, ma anche gioioso) che vi aspetta per la costruzione di questo amore.
650 _aadozione/affido
_956263
654 _asaggio
942 _2ddc
_cBK
999 _c357947
_d357947